Quizzes
Events
Quiz Creation
Community
Videos
Private Events
Remove Ads
Sign In
Join for FREE
Feedback
Dark Mode
Quiz Categories
Sports
Geography
Music
Movies
Television
Just For Fun
Miscellaneous
History
Literature
Language
Science
Gaming
Entertainment
Religion
Holiday
For Kids
Quiz Lab
Recent
Popular Today
Quiz Kudos Today
Editor Picks
Curator Picks
Quizzes by...
Day
Popularity
Type
Ratings
Length
Year
Community
Subscriptions
Recent Discussions
Orange Saloon
Badges
Playlists
Quests
Create
Leaderboards
Showdown
Live 5
Trivia Bingo
Activity
Puzzle Library
Sporcle Events
Private Events
Virtual Trivia
Globe League
Become a Host
Pub Owners
SporcleCon
Opinionation
Our Games
Videos
Blog
Mobile Apps
Partnerships
Remove Ads and Go Orange
Feedback
Gaming
Video Games
Board Games
Card Games
Pokémon
Mario
Nintendo
Minecraft
Console
Toys
Legend of Zelda
Gaming
Video Games
Board Games
Card Games
Pokémon
Mario
Nintendo
Minecraft
Console
Toys
Legend of Zelda
Random Quiz
Search Sporcle
×
Quiz Lab
Quiz Lab
Gaming
Fortnite
Click on answers out of a set of options
Click on answers out of a set of options
Multiple Choice
Best Score? Go Orange.
FORTNITE GENERAL KNOWLEDGE QUIZ Stats
Can you beat the FORTNITE GENERAL KNOWLEDGE QUIZ?
By
fortnitelegend01
30s
6 Questions
31.4K Plays
31,434 Plays
31,434 Plays
Comments
Comments
Give Quiz Kudos
Give Quiz Kudos
-
- Ratings
hide this ad
Random Order
Randomize order of answers
Randomize order of answers
Replay
Link that replays current quiz
Next Quiz
Link to next quiz in quiz playlist
You Got
0%
They Got
Avg Score
66%
Avg Friend Score
Upgrade to see
Score Distribution
Jump to the score distribution portion of the page
Score
0/6
Timer
00:30
5
Plays Today
Question
Answer
Wrong Answers
Finish the title of this emote B---t m----s
best mates
82.8%
electro shuffle
1%
breaking point
2.2%
what item explodes when pressed red button
remote explosives
80.4%
egg launcher
1%
grenade launcher
2.2%
rocket launcher
2.4%
what colour and rarity is the boogie bomb
blue,rare
77.6%
purple,epic
6.1%
green,uncommon
2.8%
WHAT IS THE NEW MODE WHERE YOU CAN CREATE YOUR OWN ISLAND
CREATIVE
72.1%
SAVE THE WORLD
1.1%
NONE OF THE ABOVE
1.1%
CREATE ISLAND
5.5%
what place in the game has the llama statue
Junk Junction
71.1%
Wailing Woods
7.9%
Moisty Mire
6.2%
TRUE OR FALSE: BATTLE ROYALE RELEASED IN SEPTEMBER 2017
TRUE
63.2%
FALSE
16.3%
Quiz Playlist
Details
Report
Send in Message
Add To Playlist
Multiple Choice:
Click on answers out of a set of options
Random Order:
Randomize order of answers
Last Updated: Feb 2, 2019
Quiz Scoreboard
CHALLENGE
Sign Up to Join the Scoreboard
Show All
Scores
Hide
Comments
May contain spoilers
Recently Published
Billboard Blitz: Fleetwood Mac
by CooCooCachoo
Music
15s
Presidents Visiting Landmarks
by Hejman
History
7m
An Introduction to Baseball
by treessimontrees
Sports
5m
More to Explore
Quiz From the Vault
Featured Blog Post
Where Did the Easter Bunny Come From?
hide this ad
You Might Also Like...
Tags
beat
Fortnite
Today's Top Quizzes in Gaming
Browse Gaming
hide this ad
Today's Top Quizzes in Fortnite
Browse Fortnite
Top Contributed Quizzes in Gaming
1
5-to-1: Consoles
2
5-to-1: Legend of Zelda
3
7-to-1: Board Game Piece Blitz
4
Destiny 2 exotic weapons by perk icons
5
Ultimate Genshin Impact Logic Puzzle (up to 4.3)
6
Franchise by Action Figure
7
Genshin Impact Logic Puzzle Quiz
8
Who's on the WWE 2K24 Cover?
9
Overwatch Logic Puzzle
10
League of Legends Pro Players by Career/Team History
Explore More
Trending Topics
Harry Potter
Crossword
Kpop
Anime
Disney
Marvel
NBA
The Office
Country
Song
NFL
Puzzle
Pokémon
WWE
Soccer
hide this ad
More By:
fortnitelegend01
Quiz
Plays
Rating
Category
Featured
Created
FORTNITE GENERAL KNOWLEDGE QUIZ
31,434
2.00
Gaming
Mar 31, 2018
FORTNITE EPIC AND LEGENDARY ITEMS QUIZ
4,415
Gaming
Mar 31, 2018
fortnite quiz
2,527
1.44
Gaming
Mar 30, 2018
fortnite Emotes
2,021
1.00
Gaming
Mar 31, 2018
NAME ALL FORTNITE LOCATIONS
1,618
Gaming
Mar 31, 2018
Go to Creator's Profile
Score Distribution
Quiz Creator Spotlight
fortnitelegend01
Follow
Send a Message
Quizzes Created
-
Created Quiz Play Count
-
More By This Creator
Popular Quizzes Today
1
Find the US States - No Outlines Minefield
2
Find the Countries of Europe - No Outlines Minefield
3
The Countries of the World
4
Find the US States
5
Popular People in 1961
6
US States
7
Risky Map Clicking: Biggest States A-Z
8
Movies - When Are They Set?
More Gaming Quizzes
Video Game Doors
Published
Trending Quizzes
Risky Map Clicking: Least Populous States A-Z
1-10 Letter G Words
1-10 Letter F Words
Risky Map Clicking: Next State Alphabetically
'A' Boys' Names Grid
Recently Updated
Leaping Animals
pecheneg
Reality TV Shows (A-Z)
bhenderson79
Rickey Henderson's Hall of Fame Teammates
pecheneg
Champions League XIs: Arsenal
pecheneg
Quick Pick: Celebrities in WWE's Hall of Fame
aduchscher
A-Z Keypad Blitz II
pecheneg
Multiple Oscar Actors
pecheneg
Mystery Phrase Blitz: Oscar 'Best Actors'
pecheneg
F. Scott Fitzgerald Novels
LTH
Pick 3 Villains
ddd62291
Trending Topics
Crossword
Disney
Kpop
Anime
Harry Potter
NBA
Marvel
The Office
Song
NFL
WWE
Country
Puzzle
Pokémon
Soccer
Your Account Isn't Verified!
In order to create a playlist on Sporcle, you need to verify the email address you used during registration. Go to your
Sporcle Settings
to finish the process.
Report this User
Report this user for behavior that violates our
Community Guidelines
.
Details:
Send Report
Go to the Sporcle.com Mobile Site →
Comments